Scrambled Words Ending in “B” - Statistics

General Stats
  • This quiz has been taken 56 times
  • The average score is 18 of 30
Answer Stats
Hint Answer % Correct
6 Crheub Cherub
87%
6 ewbobC Cobweb
87%
6 arbSca Scarab
87%
7 butBaht Bathtub
83%
7 sirbDtu Disturb
83%
7 Prvrebo Proverb
81%
7 bbuhRar Rhubarb
79%
7 uumcbSc Succumb
79%
7 tbuhWsa Washtub
74%
7 trPeurb Perturb
72%
7 xiaacTb Taxicab
72%
9 ulLtgibhb Lightbulb
70%
7 boxCocm Coxcomb
68%
7 vdreOub Overdub
64%
8 ksbcaBta Backstab
62%
9 ybnmHoceo Honeycomb
62%
8 obokonrD Doorknob
55%
9 Nulicbtgh Nightclub
55%
7 wpbuBre Brewpub
53%
9 aFhllubbs Flashbulb
53%
7 iiMabnc Minicab
45%
8 cmtCabao Catacomb
43%
8 Dbrmjoao Doorjamb
43%
10 brettrahHo Heartthrob
43%
11 bnmbaThgiao Thingamabob
40%
8 Cnorcirb Corncrib
38%
9 riwpbeeSd Spiderweb
36%
8 Rsaebbor Reabsorb
28%
8 mebFobir Firebomb
26%
8 bromlieF Forelimb
23%
No matching quizzes found
Score Distribution
Percent of People with Each Score
Percentile by Number Answered
Your Score History
You have not taken this quiz